Indicative river and coastal flood map (Scotland) (Record no. 120541)

MARC details
000 -LEADER
fixed length control field 01018cam a2200193 4500
001 - CONTROL NUMBER
control field ##L135613
008 - FIXED-LENGTH DATA ELEMENTS--GENERAL INFORMATION
fixed length control field 061116n 000 0 eng u
035 ## - SYSTEM CONTROL NUMBER
System control number (Sirsi) u135613
041 0# - LANGUAGE CODE
Language code of text/sound track or separate title eng
110 2# - MAIN ENTRY--CORPORATE NAME
Corporate name or jurisdiction name as entry element Scottish Environment Protection Agency
9 (RLIN) 3523
245 00 - TITLE STATEMENT
Title Indicative river and coastal flood map (Scotland)
520 ## - SUMMARY, ETC.
Summary, etc. The Scottish flood map has been developed to show areas that may be affected by flooding from either rivers or the sea. It presents an estimate of the areas of Scotland with a 0.5% or greater probability of being flooded in any given year. Searches by place name or post code are possible and flood defence information is available. The website also has links to flood protection information.
590 ## - LOCAL NOTE (RLIN)
Local note KA
650 24 - SUBJECT ADDED ENTRY--TOPICAL TERM
Topical term or geographic name entry element FLOODING
651 24 - SUBJECT ADDED ENTRY--GEOGRAPHIC NAME
Geographic name Scotland
Chronological subdivision 1999-
690 ## - LOCAL SUBJECT ADDED ENTRY--TOPICAL TERM (OCLC, RLIN)
Topical term or geographic name as entry element ENVIRONMENTAL AND LAND CONSULTANCY-WATER RESOURCE MANAGEMENT-FLOODING
856 40 - ELECTRONIC LOCATION AND ACCESS
Uniform Resource Identifier <a href="https://www.sepa.org.uk/flooding/mapping/index.htm">https://www.sepa.org.uk/flooding/mapping/index.htm</a>
Public note View the website free of charge at www.sepa.org.uk...
942 ## - ADDED ENTRY ELEMENTS (KOHA)
Suppress in OPAC 0
Holdings
Withdrawn status Lost status Source of classification or shelving scheme Damaged status Not for loan Home library Current library Shelving location Date acquired Total Checkouts Full call number Barcode Date last seen Copy number Price effective from Koha item type
    Dewey Decimal Classification     Virtual Virtual Online 16/11/2006   WEB SITE 135613-2001 06/08/2019 1 06/08/2019 Online material